Estatísticas para Estados da Austrália-Bandeiras

Clique aqui para jogar o quiz

Estatísticas Gerais

  • Esse quiz foi jogado 6 vezes
  • A pontuação média é 5 de 7

Estatísticas das Respostas

Resposta% Correto
Austrália Ocidental
83%
Vitória
83%
Austrália Meridional
67%
Tasmânia
67%
Território do Norte
67%
Nova Gales do Sul
50%
Queenslândia
33%

Distribuição das Pontuações

Percentil de Números Respondidos

Porcentagem de Pessoas com Cada Pontuação

Sua Pontuação Histórica

Você não jogou esse quiz